| 000 | 00354nam a22001337a 4500 | ||
|---|---|---|---|
| 020 | _a9781850439349 | ||
| 082 |
_a340.59 _bZUB |
||
| 100 |
_aZubaida, Sami _9128412 |
||
| 245 |
_aLaw and Power in the Islamic World / _cSami Zubaida |
||
| 260 |
_aLondon : _bI.B. Tauris, _c2003. |
||
| 300 | _a248 p. | ||
| 650 |
_aLaw, Islamic Law _9128082 |
||
| 942 |
_2ddc _cBK |
||
| 999 |
_c613382 _d613382 |
||